| Tag |
First Indicator |
Second Indicator |
Subfields |
| LEADER |
00000cam a2200000Ki 4500 |
| 001 |
in00003548708 |
| 006 |
m o d |
| 007 |
cr cnu---unuuu |
| 008 |
140711s1983 au a ob 000 0 eng d |
| 005 |
20260420203749.1 |
| 020 |
|
|
|a 9783662251676 (electronic bk.)
|
| 020 |
|
|
|a 3662251671 (electronic bk.)
|
| 024 |
7 |
|
|a 10.1007/978-3-662-25167-6
|2 doi
|
| 035 |
|
|
|a (OCoLC)883381703
|
| 040 |
|
|
|a GW5XE
|b eng
|e rda
|e pn
|c GW5XE
|d UtOrBLW
|
| 043 |
|
|
|a a-ku---
|
| 049 |
|
|
|a TXAM
|
| 050 |
|
4 |
|a R821.K9
|b P67 1983eb
|
| 082 |
0 |
4 |
|a 610/.71153/67
|2 22
|
| 245 |
0 |
0 |
|a Postgraduate medical studies in Kuwait, 1.1.1981-30.6.1982 /
|c edited by Edward Ruzyllo.
|
| 264 |
|
1 |
|a Wien ;
|a New York :
|b Springer-Verlag,
|c [1983]
|
| 264 |
|
4 |
|c ©1983
|
| 300 |
|
|
|a 1 online resource (xv, 448 pages) :
|b illustrations.
|
| 336 |
|
|
|a text
|b txt
|2 rdacontent
|
| 337 |
|
|
|a computer
|b c
|2 rdamedia
|
| 338 |
|
|
|a online resource
|b cr
|2 rdacarrier
|
| 504 |
|
|
|a Includes bibliographical references (pages 448).
|
| 588 |
|
|
|a Description based on print version record.
|
| 650 |
|
0 |
|a Medicine
|x Study and teaching (Continuing education)
|z Kuwait.
|
| 650 |
|
0 |
|a Medical education
|x Curricula
|z Kuwait.
|
| 650 |
|
0 |
|a Medical education
|z Kuwait.
|
| 650 |
|
7 |
|a Enseignement médical
|z Koweït.
|2 ram
|
| 655 |
|
7 |
|a Electronic books.
|2 local
|
| 700 |
1 |
|
|a Rużyłło, Edward.
|
| 710 |
2 |
|
|a SpringerLink (Online service)
|
| 776 |
1 |
8 |
|i Print version:
|t Postgraduate medical studies in Kuwait, 1.1.1981-30.6.1982
|z 9783662231777
|w (DLC) 84173830
|w (OCoLC)12262308
|
| 856 |
4 |
0 |
|u http://proxy.library.tamu.edu/login?url=https://link.springer.com/10.1007/978-3-662-25167-6
|z Connect to the full text of this electronic book
|t 0
|
| 994 |
|
|
|a 92
|b TXA
|
| 999 |
|
|
|a MARS
|
| 999 |
f |
f |
|s 76ce05b7-e00d-376e-a46c-53bd821a7851
|i 390f36bd-a2e9-3627-b715-a759b2be0a93
|t 0
|
| 952 |
f |
f |
|a Texas A&M University
|b College Station
|c Electronic Resources
|s www_evans
|d Available Online
|t 0
|e R821.K9 P67 1983eb
|h Library of Congress classification
|
| 998 |
f |
f |
|a R821.K9 P67 1983eb
|t 0
|l Available Online
|